[Event "Festival Primavera Cattolica 2022"]
[Site "Cattolica"]
[Date "2022.03.19"]
[Round "6.4"]
[White "Bosiocic, Marin"]
[Black "Roshka, Yevgeniy"]
[Result "1-0"]
[WhiteElo "2522"]
[BlackElo "2478"]
[Annotator "TA"]
[PlyCount "125"]
[EventDate "2022.03.16"]
[EventType "swiss"]
[EventCountry "ITA"]
[SourceTitle "playchess.com"]
[Source "ChessBase"]
[SourceQuality "1"]

{[%evp 9,125,40,33,33,43,29,35,39,51,39,34,44,64,53,68,52,59,56,111,127,120,112,93,39,30,21,132,118,139,10,14,12,60,60,60,30,56,56,54,54,76,54,54,26,66,30,32,39,37,35,21,28,49,58,96,83,117,86,100,114,143,139,156,155,235,223,244,238,338,343,329,336,446,437,397,90,629,386,385,385,377,377,1436,1369,1765,1586,1637,1471,1300,1305,1865,1990,1852,1899,1668,1489,3018,2702,4909,4267,29955,10387,29974,29974,29979,29980,29979,29959,29986,29987,29987,29988,29988,29988,29991,29992,29995,29996]} 1. d4 g6 2. e4 Bg7 3. Nc3 d6 4. Be3 a6 5. g4 Nc6 6. h3 {B06: Modern Defence.} e5 {[%cal Re5d4] [#]} 7. Nge2 $146 ({Predecessor:} 7. d5 Nce7 8. Nf3 Nf6 9. Qd2 h5 10. g5 Nd7 11. O-O-O b5 12. Ne1 Nb6 13. f4 {1-0 (34) Kasimdzhanov,R (2652)-Khoroshev,N (2399) Tashkent 2019}) 7... exd4 8. Nxd4 {White is slightly better.} Nge7 9. Be2 b5 10. Qd2 Bb7 11. O-O-O Qd7 12. Nxc6 Nxc6 13. Nd5 O-O-O {[#]} (13... O-O $14) 14. Bb6 $1 $16 {[%mdl 512] White is more active.} Ne5 (14... Rde8 $2 15. Bxc7 Bd4 16. Bb6 $18) 15. Nxc7 {Strongly threatening Rhf1.} Bxe4 {Threatens to win with ...Qc6.} 16. Nd5 (16. Nxa6 Bxh1 17. Qb4 (17. Bxd8 Rxd8 18. f4 Nc4 $17) 17... Qc6 18. Bxd8 Qxa6 $17) (16. f3 $1 $16 {[%cal Rf3e4]} Nxf3 17. Qa5) 16... Rde8 $1 $14 17. Be3 {aiming for Nb6+. Dancing on a razor blade.} (17. Ba5 $5 {[%cal Rd5b6]} Kb7 18. Rhg1 $11) 17... Kb7 (17... Qc6 $1 $11 {remains equal.}) 18. Qa5 $16 {[%cal Oe2b5] Black must now prevent Bxb5!} Qd8 {[#]} 19. Qxd8 (19. Qa3 $1 $16 {[%cal Oe2b5] Hoping for Bxb5!} Nc6 20. Rhg1) 19... Rxd8 $11 20. Rhg1 {[%cal Oa2a4]} Rc8 (20... Rhe8 $11 {should be considered.}) 21. Nc3 $14 Bc6 22. f4 Nc4 23. Bxc4 bxc4 24. Bd4 f6 25. Rde1 Rhf8 26. Re6 Rf7 27. Rxd6 Re8 {Prevents Re6.} 28. g5 Kc7 29. Rxf6 (29. gxf6 Bh6 30. Rd5 Bxd5 31. Nxd5+ Kd6 $17) (29. Bc5 $2 Bf8 30. Rgd1 (30. Nd5+ $2 Bxd5 31. Rxd5 Kc6 $19) 30... fxg5 31. fxg5 Bxd6 32. Bxd6+ Kb7 $19) 29... Bxf6 30. gxf6 Re6 31. Be5+ Kb6 32. Kd2 Re8 33. h4 Re6 34. Rg5 Bf3 35. Ke3 Bb7 36. Kd4 Rd7+ (36... Bf3 $16 37. Nd5+ (37. Kxc4 Kc6 $16) 37... Kc6 38. Ne7+ Rfxe7 39. fxe7 Rxe7 40. Kxc4 Be4) 37. Kxc4 $18 Rc6+ 38. Kb3 Ka7 (38... Rc8 {might work better.} 39. Na4+ Kc6) 39. h5 gxh5 40. Rg7 (40. Rxh5 Rc8 41. Rg5 Bf3 $16) 40... Rxg7 41. fxg7 {[%mdl 4096] Endgame KRB-KBN} Rg6 42. f5 $2 (42. Kb4 $18 {and the rest is easy.} Bc8 43. Nd5) 42... Rg5 {[%mdl 8192] A mistake that costs the game.} (42... Rg4 $16) 43. Bd4+ Ka8 44. Ka3 ({Less strong is} 44. f6 Bc8 45. Ne4 Be6+ 46. Kc3 Rg2 $18) 44... Bc8 45. Ne4 Rg2 (45... Rxg7 46. Bxg7 Bxf5) 46. Nd6 Bd7 47. f6 {Intending f7 and mate.} Be6 48. f7 Bxf7 49. Nxf7 h4 50. Bf6 {Threatening mate with Ng5.} ({Don't go for} 50. Nh6 $2 h3 51. Be5 {[#]} Rxg7 $1 $19) 50... Rg6 {[#]} 51. Ng5 $1 Kb7 {[#]} (51... h6 52. Nf3) 52. c4 $1 {[%cal Bc2c4,Bc4c5][%mdl 32]} Kc6 {[#]} (52... a5 53. b4) 53. b4 $1 {Ka4 is the strong threat.} Kd7 {[#]} (53... a5 54. bxa5) 54. c5 $1 h6 (54... Kc6 55. Nf3) 55. Nh3 {White wants to mate with Ka4.} Kc6 {[#]} 56. Ka4 $1 {White mates.} Kb7 {[#]} (56... Kd7 57. Ka5) 57. Ka5 $1 Kc7 {[#]} 58. a4 $1 {[%cal Ba2a4,Ba4b5,Bb5b6][%mdl 32]} Kb7 {[#]} (58... Kd7 59. Nf4) 59. b5 $1 axb5 {[#]} 60. axb5 $1 Kc7 61. Be5+ Kb7 62. c6+ Ka8 63. b6 {Weighted Error Value: White=0.26 (precise) /Black=0.46} 1-0

[Event "Festival Primavera Cattolica 2022"]
[Site "Cattolica"]
[Date "2022.03.19"]
[Round "6.5"]
[White "Hjartarson, Johann"]
[Black "Nesterov, Arseniy"]
[Result "0-1"]
[WhiteElo "2470"]
[BlackElo "2522"]
[Annotator "TA"]
[PlyCount "76"]
[EventDate "2022.03.16"]
[EventType "swiss"]
[EventCountry "ITA"]
[SourceTitle "playchess.com"]
[Source "ChessBase"]
[SourceQuality "1"]

{[%evp 16,76,59,22,29,14,22,24,41,0,24,0,37,52,47,26,32,14,55,51,43,20,28,28,46,20,22,0,0,0,5,0,0,0,0,0,0,-13,-8,-8,-15,-15,-18,-16,-10,-16,0,-45,0,-45,-41,-75,-72,-159,-151,-181,-247,-104,-286,-29975,-11603,-29988,-29988]} 1. e4 e5 2. Nf3 Nc6 3. Bb5 a6 4. Ba4 b5 5. Bb3 Na5 6. O-O d6 7. d4 exd4 {7...exd4 scores better than 7...Nxb3.} 8. Nxd4 Bb7 9. c4 c5 $1 {C70: Ruy Lopez: 3...a6 4 Ba4, Norwegian and Delayed Schliemann.} 10. Nf5 {[%cal Bd4f5,Bf5e3,Be3d5][%mdl 32] Bf4 is the strong threat.} g6 11. Ne3 Bg7 {White has an edge.} (11... Bxe4 12. Re1 Bc6 13. Nd5+ Kd7 14. Qf3 $16) 12. Nc3 (12. cxb5 $14 axb5 13. Bd5) 12... Nf6 13. cxb5 axb5 14. Nxb5 O-O 15. Bd5 Nxd5 16. Nxd5 {[#]} Bc6 $146 {A strong pair of Bishops.} (16... Nc4 $11 {is more appropriate.}) ({Predecessor:} 16... Nc4 17. Qb3 Bxd5 18. exd5 Nb6 19. a4 Re8 20. a5 Re4 21. Qg3 Nc4 22. a6 Qb6 23. Qd3 f5 24. Nc3 Qb3 25. Qd1 {½-½ (25) Marrone,V (2103)-Harabor,M (2284) ICCF email 2011}) 17. Nbc3 $14 Nc4 18. Rb1 Re8 19. f3 Qa5 20. Kh1 Bxd5 21. Qxd5 (21. b4 $5 cxb4 22. Nxd5 $14) 21... Qa6 {White must now prevent ...Bd4.} 22. Rd1 {[%cal Ob2b3]} Bd4 {Hoping for ...Re5.} 23. Bf4 {Prevents Re5.} Nxb2 {[%mdl 64] [#] Remove Defender} 24. Rxb2 Bxc3 25. Rc2 Bd4 26. Qxd6 ({Avoid the trap} 26. Bxd6 $2 Rad8 27. Qc4 (27. e5 $2 Bxe5 28. Qxc5 Rxd6 $19) 27... Qxd6 $19) 26... Qa4 27. Rdc1 Red8 28. Qb6 c4 $1 $36 {[%mdl 3072] Black has compensation. White is under pressure.} 29. Qb1 c3 30. h3 Bg7 31. Rd1 (31. Qb3 $11) 31... Qc4 (31... Rd4 $15 {deserves consideration.} 32. Rxd4 Bxd4) 32. Rxd8+ (32. Bd6 $11) 32... Rxd8 $15 33. Bg5 Ra8 34. Qb7 ({Better is} 34. Bf4) 34... Qf1+ $17 35. Kh2 Be5+ {[%cal Bg7e5,Be5d4,Bd4g1][%mdl 32]} 36. f4 Rb8 {Black is more active.} ({Of course not} 36... Bxf4+ $6 37. Bxf4 Qxf4+ 38. g3 $11) 37. Qc6 {[#]} (37. Qa7 $19 Bxf4+ 38. Bxf4 Qxf4+ 39. g3) 37... Bd4 {( -> ...Bg1+)} 38. f5 Bg1+ {Weighted Error Value: White=0.64/Black=0.08 (flawless)} 0-1

[Event "Festival Primavera Cattolica 2022"]
[Site "Cattolica"]
[Date "2022.03.19"]
[Round "6.6"]
[White "Dimitrov, Radoslav"]
[Black "Ojas Kulkarni"]
[Result "1/2-1/2"]
[WhiteElo "2487"]
[BlackElo "2236"]
[Annotator "TA"]
[PlyCount "295"]
[EventDate "2022.03.16"]
[EventType "swiss"]
[EventCountry "ITA"]
[SourceTitle "playchess.com"]
[Source "ChessBase"]
[SourceQuality "1"]

{[%evp 10,295,12,11,22,22,24,21,20,16,0,-14,-8,0,-5,-22,-25,-28,-26,-33,-20,0,-8,-13,0,-22,0,-1,0,0,0,0,2,0,8,0,-1,-14,0,-13,-10,-18,-22,-64,0,0,0,0,0,0,0,0,0,0,0,0,0,0,0,0,0,0,0,0,6,0,0,0,18,0,0,0,0,0,0,0,0,0,0,0,0,0,0,0,0,0,0,0,0,0,0,0,0,0,8,0,0,0,0,0,0,0,0,0,0,0,4,4,8,8,8,8,8,8,8,4,8,8,8,8,8,8,8,8,20,20,20,20,20,20,27,27,27,27,27,27,27,27,27,20,20,20,20,20,20,20,27,27,27,27,27,27,27,27,27,27,32,8,20,20,35,8,20,8,8,8,8,0,8,8,20,8,8,0,20,20,20,20,20,20,20,0,0,0,0,0,0,0,0,0,0,0,0,0,0,0,0,0,0,0,0,0,0,0,0,0,0,0,0,0,0,0,0,0,0,0,0,0,0,0,0,0,0,0,0,0,0,0,8,0,8,0,0,0,0,0,8,0,0,0,0,0,0,0,8,0,0,0,0,0,0,0,8,0,0,0,0,0,0,0,0,0,0,0,8,0,8,0,0,0,0,0,0,0,0,0,0,0,0,0,0,0,0,0,0,0,0,0]} 1. c4 c5 2. Nc3 Nc6 3. g3 g6 4. Bg2 Bg7 5. Nf3 d6 6. a3 a5 {6...e6 is a critical line. A37: Symmetrical English vs ...g6: 4 Bg2 Bg7 5 Nf3.} 7. O-O e5 8. Ne1 Be6 9. d3 Nge7 10. Nd5 O-O 11. Nc2 Rb8 12. Nxe7+ (12. b4 {is more complex.} b5 13. Bg5 h6 14. Bd2 bxc4 15. dxc4 e4 16. Bxe4 Ne5 17. Nce3) 12... Qxe7 13. Rb1 Qd7 14. b4 cxb4 (14... b5 {is interesting.} 15. bxc5 bxc4 16. Rxb8 Rxb8 17. dxc4 dxc5 18. Bxc6 Qxc6 19. Ne3 h5) 15. axb4 b5 {[#]} 16. bxa5 $146 ({Predecessor:} 16. cxb5 Rxb5 17. Bd2 Rfb8 18. Na3 Rxb4 19. Bxb4 axb4 20. Qa4 d5 21. Rfc1 Rb6 22. e4 {0-1 (94) Hamitevici,V (2484)-Eljanov,P (2757) Novi Sad 2016}) 16... bxc4 17. Bd2 cxd3 18. exd3 Bg4 19. Qe1 Bf5 {Inhibits Qe4.} 20. Qe3 d5 21. a6 Rfd8 22. Nb4 Nxb4 23. Bxb4 Qa4 24. Be7 Rxb1 $1 25. Rxb1 Re8 26. Bxd5 ({Much weaker is} 26. a7 d4 27. Qe1 Qxa7 $17) (26. Bc5 $11 {might be stronger.} d4 27. Bxd4 Qxa6 28. Bf1) 26... Qxa6 (26... Rxe7 $15 27. Rb8+ Bf8) 27. Rb7 $11 Be6 28. Ra7 Qc8 29. Qf3 Bf8 30. Bg5 {[#] Threatens to win with Bc6.} Bxd5 31. Qxd5 Qe6 32. Qxe6 Rxe6 {[%mdl 4096] Endgame KRB-KRB} 33. Kf1 Kg7 34. Be3 Be7 35. Ke2 h5 36. Rb7 Bf6 37. Ra7 Be7 38. h4 Bf6 39. Kd2 Rd6 40. Ra4 Bd8 41. f4 exf4 42. Bxf4 Rd5 {Inhibits Be5+.} 43. Ke3 g5 44. hxg5 Bxg5 45. Ke4 Rb5 46. Bd6 f5+ 47. Kd4 h4 48. gxh4 Bxh4 49. Kc4 Rb1 50. Be5+ Kf7 51. d4 Be7 52. Ra6 Rb4+ 53. Kd5 Rb5+ 54. Kc4 Rb4+ 55. Kc3 Rb5 56. Rh6 Ke8 57. Rh7 Rb6 58. Kc4 Kd7 59. Bf4 Rb4+ 60. Kc3 {[%cal Oh7e7]} Rb6 61. Bg5 Re6 62. Kc4 Kd6 63. Bf4+ Kd7 64. Kd5 Re4 65. Be5 Re1 66. Rf7 Re2 67. Rxf5 {[#] Threatening mate with Rf7.} Ra2 68. Rf7 Ra5+ 69. Ke4 Ke6 70. Rg7 Ra4 71. Rg6+ Kd7 72. Rh6 Ra1 73. Rh7 Ra6 {Prevents Bf6.} 74. Bf4 Re6+ 75. Kd5 Ra6 76. Bg3 {aiming for Bh4.} Ra5+ 77. Ke4 Ke6 78. Be5 {[%cal Od4d5] d5+! would kill now.} Ra4 79. Rh6+ Kd7 80. Rb6 Rb4 81. Ra6 Rb5 82. Kf5 Bf8 83. Kf6 Be7+ 84. Kf7 {Hoping for Ra7+.} Rb7 $1 {To avoid Ra7} 85. d5 Bb4 {The position is equal.} 86. Kf6 Bc5 87. Kf5 Rb1 88. Bg3 Rg1 89. Rg6 Rf1+ 90. Ke4 Rg1 91. Kf5 Rf1+ 92. Ke5 {Black must now prevent Rg7+.} Rg1 93. Rg7+ Be7 $1 94. Kf5 Rd1 95. Bh4 {Ke5 is the strong threat.} Rxd5+ 96. Ke4 Ra5 97. Bxe7 {White threatens Bb4+ and mate. KRB-KR} Ke6 98. Bg5 Ra4+ 99. Kf3 Kf5 100. Be3 Rc4 101. Rg5+ Kf6 102. Ra5 Rb4 103. Bf4 Rb1 104. Be5+ Kf5 105. Bd4+ Ke6 106. Ke4 Re1+ 107. Be3 Rd1 108. Rh5 Rf1 109. Re5+ Kd6 110. Rb5 Re1 111. Rb6+ Kc7 112. Rh6 Kd7 113. Kd4 Ke7 114. Bf4 Rd1+ 115. Ke5 Re1+ 116. Kf5 Kd7 117. Rd6+ Ke7 118. Rc6 Rd1 119. Rc8 Rd7 120. Ke5 Rb7 121. Rc5 Kf7 122. Kf5 Ke7 123. Rd5 Kf7 124. Bg5 Ra7 125. Bf6 Rb7 126. Ra5 Ke8 127. Ra6 Kf7 128. Rc6 Ke8 129. Ke6 {[%cal Rc6c8]} Re7+ 130. Kd5 Rd7+ 131. Ke5 Kf7 132. Rc8 Rb7 133. Kf5 Rb5+ 134. Be5 Rb6 135. Rc7+ Ke8 136. Bf6 Rd6 137. Ke5 Rd7 138. Rc8+ Kf7 139. Rh8 Rd1 140. Rh7+ Kg6 141. Rg7+ Kh5 142. Rg5+ Kh6 143. Ke6 Rb1 144. Rg2 Kh5 145. Kf7 Rb7+ 146. Be7 {Intending Rg5+ and mate.} Rb5 {Prevents Rg5+.} 147. Ke6 {Prevents Rf5.} Rb6+ 148. Bd6 {Weighted Error Value: White=0.03 (flawless) /Black=0.03 (flawless)} 1/2-1/2

[Event "Festival Primavera Cattolica 2022"]
[Site "Cattolica"]
[Date "2022.03.19"]
[Round "6.7"]
[White "Wachinger, Nikolas"]
[Black "Reuker, Jari"]
[Result "0-1"]
[WhiteElo "2398"]
[BlackElo "2425"]
[Annotator "TA"]
[PlyCount "106"]
[EventDate "2022.03.16"]
[EventType "swiss"]
[EventCountry "ITA"]
[SourceTitle "playchess.com"]
[Source "ChessBase"]
[SourceQuality "1"]

{[%evp 21,106,30,45,43,31,33,43,13,25,15,9,-18,0,13,167,0,60,55,56,53,86,-166,-155,-324,-312,-305,-302,-301,-305,-304,-297,-300,-300,-305,-313,-294,-293,-304,-312,-366,-354,-369,-358,-412,-414,-508,-500,-522,-513,-529,-518,-729,-700,-721,-685,-836,-818,-1095,-1086,-1049,-843,-1871,-1174,-1117,-1021,-1007,-1003,-29977,-29979,-29978,-29980,-29978,-29981,-29981,-29980,-29977,-29976,-29978,-29977,-29977,-29978,-29977,-29978,-29973,-29975,-29976,-1557]} 1. d4 Nf6 2. c4 e6 3. Nc3 c5 4. d5 exd5 5. cxd5 d6 6. Nf3 g6 7. g3 Bg7 8. Bg2 O-O 9. O-O Re8 10. Bf4 a6 11. a4 h6 12. Re1 {A62: Modern Benoni: Fianchetto Variation without early ...Nbd7.} g5 13. Bc1 Bf5 14. Nd2 {To avoid Ne4. White is slightly better.} (14. h4 $5 {[%cal Rh4g5]}) 14... Nbd7 {[%cal Bb8d7,Bd7f6,Bf6g4][%mdl 32]} 15. e4 Bg6 {[#]} 16. f4 $146 {Prevents Ne5.} ({Predecessor:} 16. Nc4 Nb6 17. Nxb6 Qxb6 18. a5 Qd8 19. Ra3 Nd7 20. f4 gxf4 21. gxf4 Qh4 22. Na4 {0-1 (46) Abel,D (2380)-Rojas Keim,L (2466) Boeblingen 2009}) 16... gxf4 (16... c4 $5) 17. gxf4 Nh5 $2 (17... c4 $1 $11 {and Black is okay.}) 18. Qg4 $2 ({White must play} 18. f5 $1 $18) 18... Bd4+ (18... Ndf6 $1 $11 19. Qf3 Nh7) 19. Kh1 $14 Ndf6 20. Qf3 {Strongly threatening f5.} Bf5 21. h3 {[%mdl 8192] [#] Inhibits Ng4.} (21. Rf1 $1 $16 {keeps the pressure on.} Bg4 22. Qd3) 21... Ng4 $1 $36 {[%mdl 2560] Black is really pushing. White is now going downhill.} 22. hxg4 $2 (22. Rf1 $17 {keeps fighting.} Qh4 23. Ne2 Nf2+ 24. Rxf2 Bxf2 25. Ra3 (25. exf5 $2 Rxe2 26. Qg4+ Qxg4 $19)) (22. Re2 Qh4) 22... Qh4+ 23. Qh3 Qxe1+ 24. Nf1 {[#]} Qf2 $1 {[%csl Gd4][%cal Rf2g1]} 25. Be3 Bxe3 (25... Qxb2 26. gxf5 Bxc3 27. Rd1 $17) (25... Nxf4 26. Bxf2 Nxh3 27. Bxh3 $11) 26. Qxe3 Qh4+ ({Don't do} 26... Qxf4 27. gxh5 (27. gxf5 Kh7 $14) 27... Qxe3 28. Nxe3 $18) ({Don't play} 26... Qxb2 27. Rb1 Qc2 28. Rc1 $18) 27. Qh3 Qxh3+ ({Weaker is} 27... Qxg4 28. exf5 Qxh3+ 29. Bxh3 $15) 28. Bxh3 Nxf4 29. gxf5 Nxh3 30. Kg2 {Prevents Nf2.} Nf4+ 31. Kf3 Nd3 32. Ng3 f6 33. Nce2 b5 34. b3 Kf7 35. Ke3 Ne5 36. Nf4 bxa4 37. bxa4 Rab8 {Threatens to win with ...Rb3+.} 38. Ngh5 Rb3+ 39. Ke2 Rb2+ 40. Kf1 Nc4 {aiming for ...Nd2+.} 41. Ne6 Ne3+ 42. Kg1 Rg8+ 43. Kh1 Ng4 {...Rh2+ is the strong threat.} 44. Nhf4 Nf2+ {Black mates.} 45. Kh2 Nxe4+ 46. Kh1 Ng3+ 47. Kg1 Nxf5+ 48. Kh1 Ng3+ 49. Kg1 Ne2+ 50. Kh1 Nxf4 51. Nxf4 Rf2 52. Nh3 Rf3 {[%cal Rf3h3]} 53. Ng1 Rf5 {Weighted Error Value: White=0.75/Black=0.13 (very precise)} (53... Rfg3 $142 54. Rb1 {[#]} Rxg1+ $1 {[%mdl 512]} 55. Rxg1 Rxg1+ 56. Kxg1 c4 57. Kf2 h5 58. Kf3 h4 59. Kf4 c3 60. Ke3 h3 61. Ke2 h2 62. Kd3 h1=Q 63. Kxc3 Qxd5 64. Kc2 f5 65. a5 f4 66. Kc3 f3 67. Kb4 f2 68. Ka3 f1=Q 69. Kb2 Qdc4 70. Ka3 Qfc1#) 0-1

[Event "Festival Primavera Cattolica 2022"]
[Site "Cattolica"]
[Date "2022.03.19"]
[Round "6.8"]
[White "Mirzoev, Emil"]
[Black "Moksh Amit Doshi"]
[Result "1-0"]
[WhiteElo "2460"]
[BlackElo "2396"]
[Annotator "TA"]
[PlyCount "77"]
[EventDate "2022.03.16"]
[EventType "swiss"]
[EventCountry "ITA"]
[SourceTitle "playchess.com"]
[Source "ChessBase"]
[SourceQuality "1"]

{[%evp 9,77,4,0,-2,14,6,15,0,0,0,0,0,0,0,7,5,10,0,1,0,0,-10,-20,-23,-8,-9,8,0,0,6,30,22,41,52,47,37,28,32,48,8,20,18,22,-14,65,52,52,51,53,25,29,16,50,8,8,8,8,1,25,25,27,39,467,448,409,238,786,793,1009,918]} 1. c4 e5 2. Nc3 Nf6 3. Nf3 Nc6 4. e4 Bb4 5. d3 d6 6. a3 {A28: English Opening: Four Knights Variation.} Bc5 7. b4 Bb6 8. Na4 {The position is equal.} Bd4 {8...Bd4 is better than 8...Bg4.} 9. Rb1 Bg4 10. Be2 {[%cal Bf1e2,Be2f3,Bf3g2,Bg2h3][%mdl 32]} Bxf3 11. Bxf3 a6 12. Bd2 Ba7 13. g3 Nd4 14. Bg2 h5 {[#]} 15. Bh3 $146 ({Predecessor:} 15. h4 Ng4 16. O-O Qf6 17. c5 Qg6 18. f3 Nh6 19. Kh2 f5 20. Bh3 O-O 21. Be3 {1-0 (39) Esipenko,A (2672)-Najer,E (2661) Moscow 2020}) 15... h4 {[#] Strongly threatening ...hxg3.} 16. Kf1 Nh7 17. f4 $1 {To avoid Ng5} Qf6 18. Nc3 c6 19. Kg2 Nf8 20. Qg4 hxg3 (20... Nfe6 $2 21. f5 $18) 21. hxg3 exf4 (21... Nfe6 $2 22. f5 $18) 22. gxf4 {[%cal Oc4c5]} Qg6 23. Be3 Ke7 24. c5 {The board is on fire.} (24. Kf2 {feels hotter.} b5 25. Ne2 Qxg4 26. Bxg4 Rxh1 27. Rxh1 Nxe2 28. Kxe2 Bxe3 29. Kxe3 a5 30. cxb5 cxb5 31. Rh5) 24... Qxg4+ 25. Bxg4 Rxh1 26. Kxh1 (26. cxd6+ {is more complex.} Kxd6 27. e5+ Ke7 28. Rxh1 f5 29. exf6+ gxf6 30. Ne4) 26... Nb5 (26... Nc2 $1 $11 27. Bf2 Nxa3) 27. Nxb5 {White is much more active.} axb5 28. d4 Nd7 29. e5 dxe5 30. dxe5 Nf8 31. Kg2 (31. Re1 $14 {deserves consideration.}) 31... Bb8 $1 $11 32. Rb3 Bc7 33. Kf3 Rd8 (33... g5 $5) 34. Ke4 Rd5 35. Bc8 f6 $2 {[%mdl 8192] Loses the game.} (35... g5 $1 $14) 36. Bxb7 $18 Kd7 {[%cal Rf6e5]} 37. Rb1 (37. a4 $142 Rd1 38. axb5 cxb5 39. Ra3) 37... Ne6 $2 (37... fxe5 38. f5 Nh7) 38. a4 Nd8 {[#]} 39. Bxc6+ $1 {[%mdl 512] Weighted Error Value: White=0.14 (very precise) /Black=0.34} 1-0

[Event "Festival Primavera Cattolica 2022"]
[Site "Cattolica"]
[Date "2022.03.19"]
[Round "6.9"]
[White "Azarov, Sergei"]
[Black "Woelk, Tom-Frederic"]
[Result "1/2-1/2"]
[WhiteElo "2600"]
[BlackElo "2348"]
[Annotator "TA"]
[PlyCount "82"]
[EventDate "2022.03.16"]
[EventType "swiss"]
[EventCountry "ITA"]
[SourceTitle "playchess.com"]
[Source "ChessBase"]
[SourceQuality "1"]

{[%evp 11,82,33,31,35,22,19,46,24,32,27,29,17,31,45,36,38,28,19,13,36,31,16,88,7,48,34,21,-20,18,-32,-18,-64,-62,-115,-60,-77,-83,-112,0,0,0,0,0,0,0,0,0,0,0,-186,-175,-251,-238,-279,-175,-175,-175,-228,-87,-69,0,0,0,-1,0,0,0,0,0,0,0,0,0]} 1. e4 c5 2. Nf3 e6 3. d4 cxd4 4. Nxd4 Nc6 5. Nc3 Qc7 6. Be3 a6 7. Qf3 {B48: Sicilian: Taimanov: 5 Nc3 Qc7 6 Be3 a6 without Be2.} Nf6 {[%cal Of8a3]} 8. O-O-O Ne5 9. Qg3 {White is slightly better.} b5 10. f4 Neg4 11. Bg1 h5 $1 {The main line 11...h5 scores better than 11...b4.} 12. e5 {Hoping for h3.} b4 $1 13. Na4 (13. exf6 bxc3 14. fxg7 Bxg7 $11) 13... Nd5 14. h3 Nh6 15. f5 Bb7 $1 {[#]} 16. Kb1 $146 ({Predecessor:} 16. Bd3 Be7 17. Kb1 h4 18. Qe1 Nf4 19. Be4 Nxg2 20. Qe2 Nf4 21. Qf3 Bxe4 22. Qxe4 {0-1 (38) Sethuraman,S (2628)-Moussard,J (2631) Sharjah 2021}) 16... exf5 (16... Nxf5 $11 17. Nxf5 exf5) 17. Bd3 (17. Be2 $16) 17... g6 (17... f4 $1 $11 {is more appropriate.} 18. Qe1 Qa5) 18. Bh2 {[%mdl 1024] White has compensation.} f4 19. Qf2 (19. Qg5 $2 Be7 20. Bxf4 Bxg5 $19) 19... Bg7 (19... Qa5 $5 {[%cal Ra5a4]} 20. e6 (20. b3 g5 $17) 20... O-O-O $11) 20. Rhe1 (20. Be4 $11) 20... O-O $1 $15 21. Nf3 (21. Bxf4 Nxf4 22. Qxf4 Bxg2 $17) (21. Be4 $1 $11) 21... Rac8 22. Qd2 (22. Be4 $1 $15 Ne3 23. Bxb7 Nxd1 24. Rxd1 Qxb7 25. Bxf4) 22... Qa5 (22... d6 $17 {[%cal Rd6e5]} 23. exd6 (23. Bxf4 Nxf4 24. Qxf4 dxe5 $17) 23... Qc6) 23. b3 d6 24. exd6 Bc3 (24... Nc3+ $1 $17 25. Nxc3 Bxc3 26. Qxf4 (26. Qc1 Rc5 $11) 26... Qa3) 25. Qc1 $11 {Threatens to win with d7. Chess con chili.} Bc6 $36 {[%mdl 2048] Black fights for an advantage.} 26. Be4 ({Much weaker is} 26. Bxf4 Bxa4 27. bxa4 Bxe1 28. Rxe1 Nc3+ 29. Ka1 Nf5 30. Bxf5 Qxf5 $17) 26... Bxe1 27. Bxd5 Bxd5 28. Nxe1 {Pair of Knights!} Nf5 29. Bxf4 {g4 is the strong threat.} Rfd8 {[%cal Bf8d8,Bd8e8,Be8e6][%mdl 32]} 30. g4 $2 (30. Qd2 $11 {and White has nothing to worry.} Be6 31. g4 hxg4 32. hxg4) 30... hxg4 $19 ({Inferior is} 30... Nxd6 31. gxh5 Nb5 32. hxg6 Na3+ 33. Ka1 fxg6 34. Bg5) 31. hxg4 (31. d7 $142 Rxd7 32. hxg4) 31... Nxd6 32. Bg5 Re8 {And now ...Ne4 would win.} 33. Bf6 {White threatens Qh6 and mate.} Re6 34. Bb2 {[#]} (34. Qf4 $142) 34... Ne4 (34... Be4 $1 $19 {has better winning chances. White must now prevent ...Nb5.} 35. Qf4 (35. Qh6 $2 f6 $19) 35... Qc7) 35. Nd3 $17 {Strongly threatening Nf4.} Nc3+ (35... g5 $15 36. Nxb4 {[#]} Bxb3 $1 {[%mdl 512]} 37. axb3 Qxb4) 36. Bxc3 $11 {The position is equal.} bxc3 37. Nf4 {[%csl LRd5,LRe6]} Re5 {aiming for ...Bf3.} 38. Nxd5 Rxd5 39. Rxd5 Qxd5 40. Nb6 {[%csl LRc8,LRd5]} Qc6 41. Nxc8 Qxc8 {Weighted Error Value: White=0.24 (precise) /Black=0.22 (precise)} 1/2-1/2